000 01084nam0a22003011 4500
001 rc\347979
005 20260405093221.0
010 _a5-203-00805-1
_9100000
035 _a(NLR Aleph) 005591116
090 _a6213556
_c6213556
100 _a20030307d1989 u y0rusy50 ca
101 0 _arus
102 _aRU
105 _aa |||||||||
200 1 _aНакануне
_f[Послесл. В. Чернавина]
205 _a3-е изд., доп.
210 _aМ.
_cВоениздат
_d1989
215 _a399, [1] с., [6] л. ил.
_cпортр.
_d21
225 1 _aВоенные мемуары
601 0 1 _aСССР
_bВоенно-морской флот
_jВоспоминания, записки и т.п
_xИстория
_92565950
_3RU\NLR\AUTH\661517597
686 1 _aЦ66,6(2)1,013
700 1 _7ca
_8rus
_aКузнецов
_bН. Г.
_cвоен. деятель
_f1904-1974
_gНиколай Герасимович
_917180
_3RU\NLR\AUTH\7734174
801 0 _aRU
_bNLR
_gpsbo
801 1 _aRU
_bELAR
_2rusmarc
852 _aNLR
_j89-3/15066
942 _cBOOK
980 _aNB